LEADER 01210nam a2200241 i 4500 001 000000183706 003 CaOOAMICUS 005 20250212160615.0 008 091125s1974 it u000 u ita u 040 $aSeMil$bita 100 1 $aGallina, Giuseppe.$0(OLS)http://semarc/name/67574 245 13$aIl problema religioso nel Risorgimento e il pensiero di Geremia Bonomelli :$bcon documenti inediti /$cGiuseppe Gallina. 264 1$aRoma :$bUniversità Gregoriana,$c1974. 300 $aXXXII, 579 p. ;$c25 cm. 490 1 $aMiscellanea Historiae Pontificiae ;$v35. 600 14$aBonomelli, Geremia .$0(OLS)http://semarc/subject/8155 650 4$aRisorgimento Italiano - Aspetti religiosi.$0(OLS)http://semarc/subject/38293 830 0$aMiscellanea Historiae Pontificiae ;$v35.$0(OLS)http://semarc/title/24 850 $aSeMil 852 $aSeMil$W1$xVenegono$y1$m3TA M 35$j254467$B134406$CSeMilBibl$Z2$F146021 $81 996 $6245$aIl problema religioso nel Risorgimento e il pensiero di Geremia Bonomelli :$bcon documenti inediti$9(OLS)http://semarc/title/263659 996 $6264$aRoma :$bUniversità Gregoriana$9(OLS)http://semarc/publisher/31479 LEADER 01028nam a2200253 i 4500 001 000000116650 003 CaOOAMICUS 005 20160406000000.0 008 160406s1989 it u000 u ita u 013 $a89339 020 $a88-7836-309-X 040 $aSeMil$bita 100 1 $aRizzardi, Giuseppe.$0(OLS)http://semarc/name/20055 245 13$aIl fascino di Cristo nell'Islam /$cGiuseppe Rizzardi. 260 $aMilano :$bIstituto di Propaganda Libraria,$c1989. 300 $a257 p. ;$c21 cm. 650 4$aGesù Cristo [nel] Corano.$0(OLS)http://semarc/subject/12911 650 4$aCristianesimo e Islamismo.$0(OLS)http://semarc/subject/6971 850 $aSeMil 852 $aSeMil$W1$xVenegono$y1$m2R III 413$j72069$B72069$CSeMilBibl$Z2$F75923 $81 961 $aOmaggio: Altro 996 $6020$a88-7836-309-X$9(OLS)http://semarc/number/100808 996 $6245$aIl fascino di Cristo nell'Islam$9(OLS)http://semarc/title/171067 996 $6260$aMilano :$bIstituto di Propaganda Libraria$9(OLS)http://semarc/publisher/30855